modern day countries of burgundy - Statistics

General Stats
  • This quiz has been taken 157 times
  • The average score is 5 of 5
Answer Stats
Answer % Correct
France
100%
Belgium
98%
Germany
98%
Netherlands
97%
Luxembourg
96%
No matching quizzes found
Score Distribution
Percent of People with Each Score
Percentile by Number Answered
Your Score History
You have not taken this quiz